Be your own english teacher! : (Record no. 114546)
[ view plain ]
| 000 -LEADER | |
|---|---|
| fixed length control field | 00440nam a2200145 a 4500 |
| 005 - DATE AND TIME OF LATEST TRANSACTION | |
| control field | 20140414132104.0 |
| 008 - FIXED-LENGTH DATA ELEMENTS--GENERAL INFORMATION | |
| fixed length control field | 100823s19uu xx 00 eng d |
| 050 ## - LIBRARY OF CONGRESS CALL NUMBER | |
| Classification number | TR 428.2 |
| Item number | G99 2007 |
| 100 ## - MAIN ENTRY--PERSONAL NAME | |
| Personal name | Guzman, Maybelle Koch |
| 245 ## - TITLE STATEMENT | |
| Title | Be your own english teacher! : |
| Remainder of title | Confusing english words. |
| 260 ## - PUBLICATION, DISTRIBUTION, ETC. (IMPRINT) | |
| Place of publication, distribution, etc | Manila, Philippines : |
| Name of publisher, distributor, etc | Miflores Publishing, |
| Date of publication, distribution, etc | 2004. |
| 440 ## - SERIES STATEMENT/ADDED ENTRY--TITLE | |
| Title | The Miflores English Series |
| Withdrawn status | Lost status | Damaged status | Use restrictions | Home library | Current library | Shelving location | Date acquired | Source of acquisition | Cost, normal purchase price | Total Checkouts | Full call number | Barcode | Date last seen | Price effective from | Koha item type |
|---|---|---|---|---|---|---|---|---|---|---|---|---|---|---|---|
| Munich Library | Munich Library | Teachers Reference Section | 08/23/2010 | 150.00 | TR 428.2 G99 2007 | M6406 | 04/14/2014 | 04/14/2014 | Books | ||||||
| Munich Library | Munich Library | Teachers Reference Section | 02/07/2011 | 150.00 | TR 428.2 G99 2007 | M4212 | 04/14/2014 | 04/14/2014 | Books |